Métodos cuantitativos para los negocios (Registro nro. 76)

Detalles MARC
000 -LEADER
fixed length control field 01409 a2200253 4500
001 - CONTROL NUMBER
control field 101
005 - DATE AND TIME OF LATEST TRANSACTION
control field 20260407155410.0
008 - FIXED-LENGTH DATA ELEMENTS--GENERAL INFORMATION
fixed length control field 260407a2004 arg spa d
003 - CONTROL NUMBER IDENTIFIER
control field AR-UNSa-BCEJYS
040 ## - CATALOGING SOURCE
Original cataloging agency AR-UNSa-BCEJYS
Language of cataloging spa
Transcribing agency AR-UNSa-BCEJYS
080 ## - UNIVERSAL DECIMAL CLASSIFICATION NUMBER
Universal Decimal Classification number 519.87
Common auxiliary subdivision Modelos matemáticos para la investigación operativa
020 ## - INTERNATIONAL STANDARD BOOK NUMBER
International Standard Book Number 978-970-686-372-0
100 1# - MAIN ENTRY--PERSONAL NAME
Personal name Anderson, David R.
245 10 - TITLE STATEMENT
Title Métodos cuantitativos para los negocios
250 ## - EDITION STATEMENT
Edition statement 9a. ed
264 #1 - PRODUCTION, PUBLICATION, DISTRIBUTION, MANUFACTURE, AND COPYRIGHT NOTICE
Place of production, publication, distribution, manufacture México :
Name of producer, publisher, distributor, manufacturer Thomson
Date of production, publication, distribution, manufacture, or copyright notice 2004
300 ## - PHYSICAL DESCRIPTION
Extent xvi, 822 p.
Dimensions 26 cm
505 ## - FORMATTED CONTENTS NOTE
Formatted contents note 1. Introducción - 2. Introducción a la probabilidad - 3. Distribuciones de probabilidad - 4. Análisis de decisiones - 5. Utilidad y toma de decisiones - 6.Pronósticos - 7. Programación lineal - 8. Programación lineal: Análisis de sensibilidad e interpretación de la solución - 9. Aplicaciones de programación lineal - 10. Transporte, asignación y problemas de transbordo - 11. Programación lineal entera - 12. Programación de proyectos: PERT/CPM - 13. Modelos de inventario - 14. Modelos de línea de espera - 15. Simulación - 16. Procesos de Markov - 17. Decisiones multicriterios
590 ## - LOCAL NOTE (RLIN)
Local note niveau_biblio:m niveau_hierar:0
700 1# - ADDED ENTRY--PERSONAL NAME
Personal name Sweeney, Dannis J.
700 1# - ADDED ENTRY--PERSONAL NAME
Personal name Williams, Thomas A.
856 41 - ELECTRONIC LOCATION AND ACCESS
Uniform Resource Identifier <a href="https://biblioeco.unsa.edu.ar/pmb/images/libros/Metodos cuantitativos2-l116891.jpg">https://biblioeco.unsa.edu.ar/pmb/images/libros/Metodos cuantitativos2-l116891.jpg</a>
Link text Imagen de portada
Electronic format type image/jpeg
942 ## - ADDED ENTRY ELEMENTS (KOHA)
Koha item type
Existencias
Withdrawn status Lost status Damaged status Not for loan Home library Current library Shelving location Date acquired Total checkouts Full call number Barcode Date last seen Price effective from Koha item type Public note
        Biblioteca Prof. Eusebio Cleto del Rey Biblioteca Prof. Eusebio Cleto del Rey   07/04/2026   519.87 A543 9ed. L116891 07/04/2026 07/04/2026 Libro PÁGINAS 109 Y 111 HÚMEDAS - CANTO UN POCO MANCHADO
        Biblioteca Prof. Eusebio Cleto del Rey Biblioteca Prof. Eusebio Cleto del Rey   07/04/2026   519.87 A543 9ed. L116892 07/04/2026 07/04/2026 Libro PRIMERAS HOJAS MANCHADAS- HOJAS SUBRAYADAS CON LÁPIZ- PÁGINA 237 DOBLADA CON MANCHAS- PÁGINA 239, 243 Y 245 CON MANCHAS
        Biblioteca Prof. Eusebio Cleto del Rey Biblioteca Prof. Eusebio Cleto del Rey   07/04/2026   519.87 A543 9ed. L116893 07/04/2026 07/04/2026 Libro PÁG 224 CON LÁPIZ - PÁGINAS 358 Y 359 FOTOCOPIA (29/8/17) - TAPA ROTA - PÁGINAS 225 A 229 SEMISUELTAS
        Biblioteca Prof. Eusebio Cleto del Rey Biblioteca Prof. Eusebio Cleto del Rey   07/04/2026   519.87 A543 9ed. L116894 07/04/2026 07/04/2026 Libro PÁGINAS 233 A 246 Y 225 SEMISUELTAS - TAPA SEMISUELTA
        Biblioteca Prof. Eusebio Cleto del Rey Biblioteca Prof. Eusebio Cleto del Rey   07/04/2026   519.87 A543 9ed. L116895 07/04/2026 07/04/2026 Libro PÁGINAS 132 Y 133 PEGADAS - CANTO MANCHADO - LÁPIZ
        Biblioteca Prof. Eusebio Cleto del Rey Biblioteca Prof. Eusebio Cleto del Rey   07/04/2026   519.87 A543 9ed. L116896 07/04/2026 07/04/2026 Libro ESCRITO CON LÁPIZ - HINCHADO POR HUMEDAD
        Biblioteca Prof. Eusebio Cleto del Rey Biblioteca Prof. Eusebio Cleto del Rey   07/04/2026   519.87 A543 9ed. L116897 07/04/2026 07/04/2026 Libro PÁGINAS 725 A 729 MANCHADAS - PÁGINAS 551 A 557 MEDIO SUELTAS - PÁGINA 3 ESCRITA CON LÁPIZ
        Biblioteca Prof. Eusebio Cleto del Rey Biblioteca Prof. Eusebio Cleto del Rey   07/04/2026   519.87 A543 9ed. L116898 07/04/2026 07/04/2026 Libro  
        Biblioteca Prof. Eusebio Cleto del Rey Biblioteca Prof. Eusebio Cleto del Rey   07/04/2026   519.87 A543 9ed. L116899 07/04/2026 07/04/2026 Libro LÁPIZ - ÚLTIMAS HOJAS MANCHADAS -
        Biblioteca Prof. Eusebio Cleto del Rey Biblioteca Prof. Eusebio Cleto del Rey   07/04/2026   519.87 A543 9ed. L116900 07/04/2026 07/04/2026 Libro PÁG 552 UN POCO SUELTA - MANCHADO - LÁPIZ
        Biblioteca Prof. Eusebio Cleto del Rey Biblioteca Prof. Eusebio Cleto del Rey   07/04/2026   519.87 A543 9ed. L118910 07/04/2026 07/04/2026 Libro HOJAS SUELTAS PEGADAS CON CINTA - LIBRO PARTIDO